000 00541nam a2200181Ia 4500
003 IN-BaIIA
008 211028s9999 xx 000 0 eng d
040 _cIIA Library
080 _a530.145
_bLIN
100 _aLindsay, P. A.
_96161
245 0 _aIntroduction to quantum mechanics for electrical engineers
_cP. A. Lindsay
260 _aLondon
_bMcGraw-Hill
_c1967
300 _axi, 240p.
650 _aNASA Thesaurus
650 _aQuantum mechanics
650 _aQuantum theory
942 _cBK
999 _c3484
_d3484